000 00475nam a2200169 i 4500
001 97027
003 ES-MaACL
005 20230906182026.0
007 t|
008 050705s1967 sp ||||1| spa d
245 0 0 _aManual del empresario.
250 _a3ª ed.
260 _aMadrid :
_bOrganización Sindical Española,
_c1967.
300 _a1907 p., 16 lám. :
_bil. ;
_c16 cm.
710 2 _aOrganización Sindical Española.
_96077
852 _aES-MaACL
_jE-8073
_bR.92024
999 _c97027
_d97027